| 000 | 01948nam a22002897a 4500 | ||
|---|---|---|---|
| 999 |
_c21898 _d21898 |
||
| 003 | AR-CdUCM | ||
| 008 | 190425b ||||| |||| 00| 0 spa d | ||
| 040 |
_aMUNICIPALIDAD PROVINCIAL DEL CUSCO _cBIBLIOTECA MUNICIPAL DEL CUSCO |
||
| 082 | _aRev.IAAC/N°1/1942 | ||
| 110 |
_aInstituto Americano de Arte del Cuzco _943770 |
||
| 245 |
_aRevista del Instituto Americano de Arte : _bPublicación semestral / |
||
| 260 |
_aCusco : _bTalleres gráficos La Económica, _c1942. |
||
| 300 |
_a104 páginas. : _bilustraciones ; _c24 cm. |
||
| 440 |
_aRevista del Instituto Americano de Arte Cuzco. _nAño I, 2° semestre de 1942, N°1. Vol.I _946728 |
||
| 505 | _aContenido: Cinco ciudades del Perú y una raza, evocaciones líricas. Rafael Aguilar. -- Una gloriosa figura en la literatura peruana. Luis Felipe Paredes. -- Túpacc Amaru, Hombre Solar. Luis Velazco Aragón. -- Cartas a la Montaña una excursión al Cachití. Roberto Latorre. -- Romance de la Barbaracha. Luis Nieto. -- La leyenda de Ch´aska. Sergio Caller. -- Un drama Quechua Usca Paucar. José Gabriel Cosió. -- Figuras sobresalientes Ángel Vega Enríquez. Víctor M. Guillen. -- Del Folklore Nacional Pukllay Taki. Víctor Navarro del Águila. -- Arte Neo indiano en el templo de Pujyura. Julio G. Gutiérrez. -- El Perú histórico y arqueológico conferencia. Georges Dennler de la Tour. -- Tierra de indias bocetos para una biografía de Garcilaso Inca de la Vega. Román Saavedra S. -- Hombres del Cuzco colonial Juan Espinoza Medrano El Lunarejo. Alfredo Yépez Miranda. | ||
| 650 |
_aArte popular _99558 |
||
| 650 |
_aFolcklore _946108 |
||
| 650 |
_aLiteratura cusqueña _946110 |
||
| 650 |
_aPoetas cusqueños _95956 |
||
| 650 |
_aArte cusqueño _913165 |
||
| 650 |
_aJuan Espinoza Medrano _946056 |
||
| 700 |
_aNavarro del Águila, Víctor _932360 |
||
| 700 |
_aCosio, José Gabriel _911720 |
||
| 700 |
_aNieto Miranda, Luis _931822 |
||
| 942 |
_2ddc _cPP |
||
| 945 | _arac | ||